| 000 | 00398nam a2200169Ia 4500 | ||
|---|---|---|---|
| 001 | 24185 | ||
| 005 | 20260414151026.0 | ||
| 008 | 260414t1998||||xx |||||||||||||| ||spa|| | ||
| 041 | _aESP | ||
| 082 |
_a792.0226 _bJ66 |
||
| 100 |
_aJofré, Sara _eAUT |
||
| 245 | 0 |
_aCuento de teatro para niños texto impreso _b |
|
| 260 | _c1998 | ||
| 650 | _aABD | ||
| 654 | _aCAU | ||
| 942 |
_cLIB _dJUS _fJUS _2ddc _n |
||
| 999 |
_c24185 _d24185 |
||